Cestou - necestou na želanie čitateľov hovoríme s Edom Vítkom, členom ŠD v Košiciach

Podrobná bibliografia
Hlavní autori: Čeretková-Gállová, Marína, 1931-2017 (Autor, Tazateľ), Vítek, Eduard, 1948- (Autor)
Médium: Článok
Jazyk:slovenčina
Fyzický popis:Obr.
Predmet:

MARC

LEADER 00000nab a2200000 a 4500
001 vtls009292183
003 SK-MaSNL
005 20260304150845.0
008 250506c1976 xo |r|p|||||||000 b|slo
015 |a SNBRB1976 
035 |a (uuid)be62c327-5501-4f8b-92bf-45ec27443849 
035 |a urn:nbn:sk:snk-abdrg0 
035 |a (urnnbn)urn:nbn:sk:snk:ar-000y1q 
038 |a SNKBUCL 
040 |a SNKBUCL  |b slo  |c SNKBUCL  |e AACR2 
041 0 |a slo 
044 |a xo  |c SK 
080 |a 792.071.2  |2 1997 
100 1 |a Čeretková-Gállová, Marína,  |d 1931-2017  |4 aut  |4 ivr  |9 5140 
245 1 0 |a Cestou - necestou  |b na želanie čitateľov hovoríme s Edom Vítkom, členom ŠD v Košiciach  |c Marína Čeretková 
300 |b Obr. 
600 1 7 |a Vítek, Eduard,  |d 1948-  |2 snkbucl  |9 113891 
700 1 |a Vítek, Eduard,  |d 1948-  |4 aut  |9 113891 
773 0 |t Film a divadlo  |g Roč. 20, č. 2 (1976), s. 18-21 
850 |a Slovenská národná knižnica 
852 |a Slovenská národná knižnica 
954 |a odborná, vedecká literatúra pôvodná (slovenská)  |2 lita 
958 |a article19 
958 |a OND 
958 |a BX 
958 |a EUIPO 
999 |c 2940029  |d 2941959